KISS OF LIFE all songs(April 2026 update) - Statistics

General Stats
  • This quiz has been taken 223 times
    19 since last reset
  • The average score is 17 of 39
Answer Stats
Hint Answer % Correct
Midas Touch Midas Touch
91%
KISS OF LIFE Shhh
91%
Sticky Sticky
91%
Who is she Who is she
91%
Born to be XX Nobody Knows
82%
Born to be XX Bad News
73%
224 Lips Hips Kiss
73%
TOKYO MISSION START Lucky
73%
Lose Yourself Igloo
64%
Pre-release(Lose Yourself) R.E.M
64%
KISS OF LIFE Sugarcoat
64%
224 k bye
55%
KISS OF LIFE Kitty Cat
55%
KISS OF LIFE Bye My Neverland
45%
KISS OF LIFE Countdown
45%
Lose Yourself Get Loud
45%
Midas Touch Nothing
45%
KISS OF LIFE Play Love Games
45%
Sticky Te Quiero
45%
KISS ROAD Live, Love, Laugh
36%
Born to be XX My 808
36%
Born to be XX TTG
36%
KISS ROAD W.House
36%
Lose Yourself Chemistry
27%
Who is she Don't mind me
27%
Born to be XX Gentleman
27%
224 Painting
27%
Born to be XX Says It
27%
Other releases Sixth Sense
27%
224 Tell Me
27%
Lose Yourself Too Many Alex
27%
Lose Yourself Back to Me
18%
224 Heart of Gold
18%
Other releases Maestro of My Heart
18%
Lose Yourself No One But Us
18%
224 Slide
18%
224 Think Twice
18%
Other releases Hold My hand
9%
Other releases SUPER​POWER
9%
No matching quizzes found
Score Distribution
Percent of People with Each Score
Percentile by Number Answered
Your Score History
You have not taken this quiz since the last reset